Quizzes
Events
Quiz Creation
Community
Videos
Private Events
Remove Ads
Sign In
Join for FREE
Feedback
Dark Mode
Quiz Categories
Sports
Geography
Music
Movies
Television
Just For Fun
Miscellaneous
History
Literature
Language
Science
Gaming
Entertainment
Religion
Holiday
For Kids
Quiz Lab
Recent
Popular Today
Quiz Kudos Today
Editor Picks
Curator Picks
Quizzes by...
Day
Popularity
Type
Ratings
Length
Year
Community
Subscriptions
Recent Discussions
Orange Saloon
Badges
Playlists
Quests
Create
Leaderboards
Showdown
Live 5
Trivia Bingo
Activity
Puzzle Library
Sporcle Events
Private Events
Virtual Trivia
Globe League
Become a Host
Pub Owners
SporcleCon
Opinionation
Our Games
Videos
Blog
Mobile Apps
Partnerships
Remove Ads and Go Orange
Feedback
Religion
Mythology
Religious Music
World Religions
Bible
Christianity
Catholicism
Judaism
Church
Scripture
Islam
Verse
Religion
Mythology
Religious Music
World Religions
Bible
Christianity
Catholicism
Judaism
Church
Scripture
Islam
Verse
Random Quiz
Search Sporcle
×
Curator Pick
Curator Pick
Religion
Scripture
Type in answers that appear in a list
Type in answers that appear in a list
Classic
Best Score? Go Orange.
Bible books by center letter(s) Stats
Can you name the Bible books by their center letter(s)?
By
TheInfam0usThey
7m
30 Questions
78 Plays
78 Plays
78 Plays
Comments
Comments
Give Quiz Kudos
Give Quiz Kudos
-
- Ratings
hide this ad
More Info
Forced Order
Answers have to be entered in order
Answers have to be entered in order
Random Order
Randomize order of answers
Randomize order of answers
Replay
Link that replays current quiz
Next Quiz
Link to next quiz in quiz playlist
You Got
0%
They Got
Avg Score
33%
Avg Friend Score
Upgrade to see
Score Distribution
Jump to the score distribution portion of the page
Score
0/30
Timer
07:00
0
Plays Today
Letters
Answer
% Correct
...ZR...
Ezra
61.5%
...UK...
Luke
59%
...NTH...
Corinthians
57.7%
...BRE...
Hebrews
55.1%
...ITI...
Leviticus
47.4%
...UD...
Jude
44.9%
...GG...
Haggai
43.6%
...SS...
Colossians
43.6%
...MOT...
Timothy
42.3%
...ITU...
Titus
41%
...ERO...
Deuteronomy
38.5%
...ETE...
Peter
38.5%
...ESI...
Ephesians
35.9%
...ATI...
Galatians
35.9%
...B...
Numbers
33.3%
Letters
Answer
% Correct
...E...
Genesis
32.1%
...AK...
Habakkuk
29.5%
...VE...
Proverbs
28.2%
...M...
James
28.2%
...LA...
Revelation
28.2%
...P...
Philippians
24.4%
...AI...
Isaiah
23.1%
...C...
Micah
21.8%
...LE...
Philemon
21.8%
...H...
Nahum
20.5%
...K...
Ezekiel
20.5%
...TA...
Lamentations
15.4%
...D...
Obadiah
12.8%
...L...
Thessalonians
11.5%
...SI...
Ecclesiastes
7.7%
Quiz Playlist
Details
Report
Send in Message
Add To Playlist
More Info:
Books with numbers are used, however, the numbers themselves are not.
Classic:
Type in answers that appear in a list
Forced Order:
Answers have to be entered in order
Random Order:
Randomize order of answers
Last Updated: Sep 3, 2017
Curator Pick in
Scripture
Quiz Scoreboard
CHALLENGE
Sign Up to Join the Scoreboard
Show All
Scores
Hide
Comments
May contain spoilers
Recently Published
Presidents Visiting Landmarks
by Hejman
History
7m
An Introduction to Baseball
by treessimontrees
Sports
5m
Movies - When Are They Set?
by FPL_Elf
Movies
5m
More to Explore
Quiz From the Vault
Featured Blog Post
Where Did the Easter Bunny Come From?
hide this ad
You Might Also Like...
Tags
Bible Quiz
Book Quiz
Christianity Quiz
Church Quiz
Scripture Quiz
Word Play Quiz
Testament
Today's Top Quizzes in Religion
Browse Religion
hide this ad
Today's Top Quizzes in Scripture
Browse Scripture
Top Contributed Quizzes in Religion
1
5-to-1: Children of Gods
2
5-to-1: European Churches
3
10 to 1: Islam
4
One Thing in Common: Mythology
5
Order Up: Seven Last Words of Christ
6
Religion Who Wants To Be A Millionaire
7
10 to 1: Protestantism
8
One Thing in Common: Mythology II
9
Prime Time: Religion
10
10 to 1: Norse Religion
Explore More
Trending Topics
Kpop
Marvel
Disney
Crossword
Anime
NBA
Harry Potter
The Office
Soccer
Puzzle
Song
Country
Pokémon
WWE
NFL
hide this ad
More By:
TheInfam0usThey
Quiz
Plays
Rating
Category
Featured
Created
Flags Bordering Flags
36,379
4.72
Geography
Jan 20, 2018
Quick Pick: Italy's Top 10 Cities
20,209
4.69
Just For Fun
Oct 20, 2017
Quick Pick: France top 10 cities
11,853
4.78
Just For Fun
Sep 30, 2017
Quick Pick: Brazil's Top 10 Cities
9,192
4.60
Just For Fun
Aug 30, 2017
Flags Bordering Flags II
7,543
4.85
Geography
Feb 8, 2018
Go to Creator's Profile
Score Distribution
Quiz Creator Spotlight
TheInfam0usThey
Follow
Send a Message
Quizzes Created
-
Created Quiz Play Count
-
More By This Creator
Popular Quizzes Today
1
Find the US States - No Outlines Minefield
2
Find the Countries of Europe - No Outlines Minefield
3
The Countries of the World
4
Find the US States
5
Popular People in 1961
6
US States
7
Risky Map Clicking: Biggest States A-Z
8
1-10 Letter E Words III
More Religion Quizzes
First Letters of Books of the Bible
Curator's Pick
Trending Quizzes
Risky Map Clicking: Least Populous States A-Z
1-10 Letter G Words
1-10 Letter F Words
One Thing in Common: United Kingdom
Risky Map Clicking: Next State Alphabetically
Recently Updated
Leaping Animals
pecheneg
Reality TV Shows (A-Z)
bhenderson79
Rickey Henderson's Hall of Fame Teammates
pecheneg
Champions League XIs: Arsenal
pecheneg
Quick Pick: Celebrities in WWE's Hall of Fame
aduchscher
A-Z Keypad Blitz II
pecheneg
Multiple Oscar Actors
pecheneg
Mystery Phrase Blitz: Oscar 'Best Actors'
pecheneg
F. Scott Fitzgerald Novels
LTH
Pick 3 Villains
ddd62291
Trending Topics
Anime
NBA
Kpop
Crossword
Harry Potter
Marvel
Disney
Country
Pokémon
Puzzle
Song
WWE
NFL
Soccer
The Office
Your Account Isn't Verified!
In order to create a playlist on Sporcle, you need to verify the email address you used during registration. Go to your
Sporcle Settings
to finish the process.
Report this User
Report this user for behavior that violates our
Community Guidelines
.
Details:
Send Report
Go to the Sporcle.com Mobile Site →
Comments